Polscy napastnicy - nagła śmierć - Statystyki

Ogólne statystyki
  • Ten quiz został rozwiązany 401 razy
    359 od ostatniego zresetowania
  • Średni wynik to 9 z 14
Answers on the Grid
Answers color-coded by a green-red scale on the quiz's grid according to % correct below.
Robert Lewandowski
Piotr Zieliński
Włodzimierz Lubański
Karol Świderski
Łukasz Skorupski
Tymoteusz Puchacz
Grzegorz Lato
Kamil Piątkowski
Tomasz Frankowski
Maciej Rybus
Krzysztof Piątek
Jakub Kiwior
Dawid Kownacki
Michał Pazdan
Kamil Jóźwiak
Euzebiusz Smolarek
Mariusz Stępiński
Rafał Murawski
Artur Sobiech
Tomasz Kuszczak
Marek Saganowski
Antoni Kozubal
Karol Linetty
Paweł Brożek
Sebastian Boenisch
Kamil Wilczek
Piotr Celeban
Maciej Żurawski
 
Statystyki odpowiedzi
Odpowiedź % Poprawnych
Robert Lewandowski
98%
Karol Świderski
85%
Grzegorz Lato
81%
Krzysztof Piątek
78%
Włodzimierz Lubański
70%
Euzebiusz Smolarek
68%
Dawid Kownacki
58%
Tomasz Frankowski
51%
Paweł Brożek
50%
Maciej Żurawski
48%
Mariusz Stępiński
48%
Kamil Wilczek
45%
Artur Sobiech
43%
Marek Saganowski
41%
Nie znaleziono quizów pasujących do podanych kryteriów
Rozkład punktacji
Procent ludzi z każdym wynikiem
Percentyl według liczby udzielonych odpowiedzi
Twoja historia wyników
Nie rozwiązałeś tego quizu od ostatniego zresetowania